000 01300nam a2200349 a 4500
001 000108651
003 CHAP
005 20220329144020.0
008 140303s2012 mx a |sm |||||||spa|d
010 _a105113
011 _a106085
040 _cCHAP
090 _aTesis
100 1 _aMiranda de la Cruz, Gladys
_9125689
245 1 0 _aEstudio de viabilidad para la engorda de ganado bovino en el municipio de Palenque, Chiapas
_h[En línea]
_cpor Gladys Miranda de la Cruz.
260 _aChapingo, Méx. :
_bEl autor,
_c2012.
500 _aPara ver el contenido del material haga clic en la liga
502 _aTesis (Lic. en Economía Agrícola) -- UACH. División de Ciencias Económico Administrativas
590 _aBATCH-UPD
_b10
_c20140324
_lUCH01
_h1536
590 _aBATCH-UPD
_b10
_c20141002
_lUCH01
_h0857
590 _aE11695DGD
_b10
_c20140305
_lUCH01
_h0942
590 _aE792CSJ
_b05
_c20140303
_lUCH01
_h0852
590 _aE792CSJ
_b05
_c20140303
_lUCH01
_h0852
650 1 4 _aGanado de carne
_xChiapas.
_945074
650 1 4 _aGanado de carne
_xCostos de producción.
_945077
650 1 4 _aGanado de carne
_xEngorda.
_945081
650 1 4 _aPastoreo.
_985984
856 _aFinding aid
_uhttp://10.13.5.2/tesis/sist108651.pdf
_zTeclea aquí
901 _aBK
942 _cTESIS
942 _n0
999 _c105113
_d105113